| 000 | 00813cam a2200253 a 4500 | ||
|---|---|---|---|
| 001 | 000007610 | ||
| 005 | 20200929154231.0 | ||
| 008 | 840319s1973 sp a 001 0 spa | ||
| 040 |
_aDO-SdBNP _bspa _cBNPHU |
||
| 082 |
_a730 _bS232p |
||
| 100 | 1 |
_aSantána, Lázaro. _921103 |
|
| 245 | 1 | 0 |
_aPlácido Fleitas / _cLázaro Santána. |
| 260 |
_aMadrid : _bDirección General de Bellas Artes, _c1973. |
||
| 300 |
_a86 p. : _bil. ; _c17 cm. |
||
| 490 | 1 |
_aEscultores _v41 |
|
| 504 | _aIncluye referencias bibliográficas y notas al pie de las páginas. | ||
| 650 | 4 |
_aEscultura _921104 |
|
| 650 | 4 |
_aTalla en piedra _95460 |
|
| 650 | 4 |
_aEscultura en bronce _921105 |
|
| 650 | 4 |
_aEscultura en madera _921106 |
|
| 600 | 1 | 4 |
_aFLEITAS, PLÁCIDO, _d1916- _921107 |
| 830 | 0 |
_aEscultores ; _v41 _921108 |
|
| 910 | _aEn proceso | ||
| 999 |
_c7390 _d7390 |
||